EU Member States by date of accession - Statistics

General Stats
  • This quiz has been taken 375 times
  • The average score is 7 of 8
Answer Stats
Hint Answer % Correct
Belgium 1957
95%
Denmark 1973
93%
Greece 1981
90%
Portugal 1986
90%
Cyprus 2004
89%
Bulgaria 2007
89%
Croatia 2013
89%
Austria 1995
88%
No matching quizzes found
Score Distribution
Percent of People with Each Score
Percentile by Number Answered
Your Score History
You have not taken this quiz